MARC

LEADER 00000cam a22000004a 4500
001 musev2_41785
003 MdBmJHUP
005 20230905044359.0
006 m o d
007 cr||||||||nn|n
008 141103s2014 mau o 00 0 eng d
020 |a 9781613763414 
020 |z 9781625341174 
020 |z 1625341172 
020 |z 1613763417 
035 |a (OCoLC)919384515 
040 |a MdBmJHUP  |c MdBmJHUP 
100 1 |a Laurie, Bruce. 
245 1 0 |a Rebels in Paradise :   |b Sketches of Northampton Abolitionists /   |c Bruce Laurie. 
264 1 |a Amherst, MA :  |b University of Massachusetts Press,  |c [2014] 
264 3 |a Baltimore, Md. :  |b Project MUSE,   |c 2015 
264 4 |c ©[2014] 
300 |a 1 online resource (184 pages). 
336 |a text  |b txt  |2 rdacontent 
337 |a computer  |b c  |2 rdamedia 
338 |a online resource  |b cr  |2 rdacarrier 
505 0 |a Introduction: The setting -- Sylvester Judd: Skeptical abolitionist -- David Ruggles: Blind man with vision -- John Payson Williston: Abolitionist as prohibitionist -- Henry S. Gere: Journalist as abolitionist -- Erastus Hopkins: idealist as politician -- Epilogue: Paradise at war. 
588 |a Description based on print version record. 
650 7 |a Antislavery movements.  |2 fast  |0 (OCoLC)fst00810800 
650 7 |a Abolitionists.  |2 fast  |0 (OCoLC)fst00794478 
650 7 |a HISTORY  |z United States  |x State & Local  |x New England (CT, MA, ME, NH, RI, VT)  |2 bisacsh 
650 7 |a SOCIAL SCIENCE  |x Slavery.  |2 bisacsh 
650 6 |a Abolitionnistes  |z Massachusetts  |z Northampton  |v Biographies. 
650 6 |a Mouvements antiesclavagistes  |z États-Unis. 
650 0 |a Abolitionists  |z Massachusetts  |z Northampton  |v Biography. 
650 0 |a Antislavery movements  |z United States. 
651 7 |a United States.  |2 fast  |0 (OCoLC)fst01204155 
651 7 |a Massachusetts  |z Northampton.  |2 fast  |0 (OCoLC)fst01206054 
651 0 |a Northampton (Mass.)  |x History  |y 19th century. 
651 0 |a Northampton (Mass.)  |v Biography. 
655 7 |a Biographies.  |2 lcgft 
655 7 |a History.  |2 fast  |0 (OCoLC)fst01411628 
655 7 |a Biographies.  |2 fast  |0 (OCoLC)fst01919896 
655 7 |a Electronic books.   |2 local 
710 2 |a Project Muse.  |e distributor 
830 0 |a Book collections on Project MUSE. 
856 4 0 |z Texto completo  |u https://projectmuse.uam.elogim.com/book/41785/ 
945 |a Project MUSE - Custom Collection 
945 |a Project MUSE - 2015 Complete 
945 |a Project MUSE - 2015 US Regional Studies, New England and Mid Atlantic